[Event "Frankfurt Ch A 2015"]
[Site "Ffm-Höchst, BiKuZ"]
[Date "2015.06.15"]
[Round "7.38"]
[White "Falkenhainer, Sven"]
[Black "Larem, Peter"]
[Result "1/2-1/2"]
[WhiteElo "1605"]
[BlackElo "1737"]
[PlyCount "60"]
[EventDate "2015.??.??"]
[WhiteTeam "SC Bergen-Enkheim"]
[BlackTeam "SG Rödermark"]

1. e4 e5 2. Nc3 Nf6 3. Bc4 Nc6 4. d3 Bc5 5. Nge2 d6 6. O-O h6 7. Na4 Bb6 8.
Nxb6 axb6 9. a3 O-O 10. Ng3 Be6 11. Bxe6 fxe6 12. Be3 d5 13. f3 d4 14. Bd2 Kh7
15. Qe2 Nd7 16. f4 exf4 17. Bxf4 g5 18. Bd2 Nce5 19. Rxf8 Qxf8 20. Rf1 Qg7 21.
Nh5 Qg6 22. c3 Nc6 23. g4 e5 24. Ng3 dxc3 25. Bxc3 Rf8 26. Nf5 Qe6 27. h3 Ne7
28. Re1 Ng6 29. Kh2 Nf4 30. Qe3 Nc5 1/2-1/2

[Event "Frankfurt Ch A 2015"]
[Site "Ffm-Höchst, BiKuZ"]
[Date "2015.06.15"]
[Round "7.39"]
[White "Müller, Mark"]
[Black "Heun, Andreas"]
[Result "1/2-1/2"]
[WhiteElo "1733"]
[BlackElo "1571"]
[PlyCount "39"]
[EventDate "2015.??.??"]
[WhiteTeam "SC Diez"]
[BlackTeam "SC Ladja Roßdorf"]

1. e4 d5 2. exd5 Qxd5 3. Nc3 Qa5 4. d4 Nf6 5. Bc4 c6 6. Bd2 Qc7 7. Nge2 Bf5 8.
Bf4 Qd8 9. O-O e6 10. Ng3 Bg6 11. Re1 Bb4 12. Qd2 O-O 13. a3 Bxc3 14. Qxc3 Nd5
15. Bxd5 cxd5 16. Qb4 Nc6 17. Qd2 Rc8 18. c3 Na5 19. Qe3 Qb6 20. h4 1/2-1/2

[Event "Frankfurt Ch A 2015"]
[Site "Ffm-Höchst, BiKuZ"]
[Date "2015.06.15"]
[Round "7.40"]
[White "Thomsen, Walter Matias"]
[Black "Viol, Julius"]
[Result "1/2-1/2"]
[WhiteElo "1418"]
[BlackElo "1683"]
[PlyCount "106"]
[EventDate "2015.??.??"]
[WhiteTeam "SC Bad Soden"]
[BlackTeam "FC Bierstadt"]

1. d4 d5 2. c4 e6 3. Nc3 Nf6 4. Bg5 Nbd7 5. cxd5 exd5 6. Nf3 c6 7. e3 Be7 8.
Bd3 O-O 9. Qc2 Re8 10. O-O Nf8 11. Ne5 N6d7 12. Bxe7 Qxe7 13. Nxd7 Bxd7 14. Bf5
Bxf5 15. Qxf5 Qe6 16. Qf3 Nd7 17. Rac1 Nb6 18. b3 a5 19. a3 a4 20. b4 Nc4 21.
Nb1 Qd6 22. Rc2 Re6 23. Re1 Rae8 24. Qg3 Qxg3 25. hxg3 f5 26. Nd2 Nxd2 27. Rxd2
g5 28. Rde2 f4 29. gxf4 gxf4 30. Kf1 f3 31. gxf3 Rf8 32. f4 h5 33. Kg2 Rg6+ 34.
Kh2 Rf5 35. Rg1 Rxg1 36. Kxg1 Kf7 37. Re1 Kg6 38. Kh2 Kh6 39. Rg1 b5 40. Kh3
Rf7 41. Kh4 Rf6 42. Rg5 Re6 43. Rxh5+ Kg7 44. Kg4 Rf6 45. f5 Rf8 46. Rg5+ Kh8
47. Rg6 Rc8 48. Kg5 Kh7 49. f6 c5 50. dxc5 d4 51. exd4 Kh8 52. Kh6 Rc6 53. f7
Rxg6+ 1/2-1/2

[Event "Frankfurt Ch A 2015"]
[Site "Ffm-Höchst, BiKuZ"]
[Date "2015.06.15"]
[Round "7.43"]
[White "Plattner, Rolf"]
[Black "Günther, Rainer"]
[Result "1/2-1/2"]
[WhiteElo "1711"]
[BlackElo "1554"]
[PlyCount "100"]
[EventDate "2015.??.??"]
[WhiteTeam "SK Langen"]
[BlackTeam "SV Mainz-Mombach"]

1. e4 c5 2. Nf3 d6 3. d4 cxd4 4. Nxd4 Nf6 5. Nc3 a6 6. Be2 e5 7. Nb3 Be6 8. Bg5
Be7 9. Qd2 Nbd7 10. O-O O-O 11. Rad1 b5 12. Bf3 Rc8 13. Bxf6 Nxf6 14. Ne2 Qc7
15. c3 Rfd8 16. Ng3 d5 17. Qe2 d4 18. Nd2 dxc3 19. bxc3 Qxc3 20. Nf5 Bb4 21.
Nb1 Qc4 22. Qb2 Rxd1 23. Rxd1 Bxf5 24. exf5 Bc5 25. Qxe5 Re8 26. Qb2 Qf4 27.
Bc6 Rf8 28. Qc2 Bb6 29. g3 Qg4 30. Qd3 h5 31. Bf3 Qb4 32. Qc2 h4 33. Nd2 Ng4
34. Ne4 Ne5 35. Bg2 Qa3 36. Qe2 Nc4 37. Qh5 Bxf2+ 38. Nxf2 hxg3 39. hxg3 Qxg3
40. Qf3 Qe5 41. Ng4 Qb2 42. f6 Re8 43. fxg7 Re2 44. Nh6+ Kxg7 45. Nf5+ Kg6 46.
Nh4+ Kg7 47. Qg4+ Kf8 48. Rd8+ Re8 49. Rxe8+ Kxe8 50. Qe4+ Qe5 1/2-1/2

[Event "Frankfurt Ch A 2015"]
[Site "Ffm-Höchst, BiKuZ"]
[Date "2015.06.15"]
[Round "7.44"]
[White "Fischer, Lutz"]
[Black "John, Volkmar"]
[Result "1/2-1/2"]
[WhiteElo "1663"]
[BlackElo "1540"]
[PlyCount "98"]
[EventDate "2015.??.??"]
[WhiteTeam "SF Frankfurt"]
[BlackTeam "SK Herborn"]

1. e4 c5 2. Nf3 d6 3. Bb5+ Nc6 4. Bxc6+ bxc6 5. O-O e5 6. c3 Nf6 7. Re1 Be7 8.
d4 cxd4 9. cxd4 Qc7 10. dxe5 dxe5 11. Nc3 Bg4 12. Re3 O-O 13. Qc2 Rac8 14. h3
Be6 15. Na4 Rfd8 16. a3 Nh5 17. Rc3 f6 18. Be3 Nf4 19. Kh2 g5 20. Bc5 Bxc5 21.
Nxc5 Bf7 22. Rc1 Rd6 23. Na6 Qb6 24. Nb4 Be8 25. g3 Ne6 26. Nd5 Qd8 27. Ne3 Nd4
28. Qd1 Nb5 29. Qe1 Nxc3 30. Qxc3 Bd7 31. Qc5 Be6 32. Qxa7 Qd7 33. Qxd7 Rxd7
34. g4 Rb8 35. h4 Rxb2 36. Nc4 Rxf2+ 37. Kg3 Rxf3+ 38. Kxf3 Rd3+ 39. Ke2 Rg3
40. hxg5 Rxg4 41. gxf6 Rxe4+ 42. Kd3 Bf5 43. Ne3 Rd4+ 44. Ke2 Be4 45. Rc5 Kf7
46. Rxe5 Kxf6 47. Ng4+ Kg6 48. Ke3 Ra4 49. Rxe4 Rxa3+ 1/2-1/2

[Event "Frankfurt Ch A 2015"]
[Site "Ffm-Höchst, BiKuZ"]
[Date "2015.06.15"]
[Round "7.45"]
[White "Münstermann, Matthias"]
[Black "Gude, Michael"]
[Result "1/2-1/2"]
[WhiteElo "1532"]
[BlackElo "1661"]
[PlyCount "133"]
[EventDate "2015.??.??"]
[WhiteTeam "SK Langen"]
[BlackTeam "SF Fürth"]

1. e4 e5 2. Nf3 Nf6 3. Nxe5 d6 4. Nf3 Nxe4 5. d4 d5 6. Bd3 Bd6 7. O-O O-O 8. c4
c6 9. Nc3 Nxc3 10. bxc3 dxc4 11. Bxc4 Bg4 12. Qd3 Nd7 13. Bg5 Qc7 14. h3 Bh5
15. Bb3 Bg6 16. Qd2 h6 17. Be3 Nf6 18. Bc2 Ne4 19. Bxe4 Bxe4 20. Qd1 Rfe8 21.
Nd2 Bh7 22. Nc4 Be7 23. Re1 Bf6 24. Qd2 Rad8 25. Bf4 Qd7 26. Rxe8+ Rxe8 27. Re1
Rxe1+ 28. Qxe1 Bf5 29. Ne5 Qd5 30. Qd2 c5 31. Qb2 cxd4 32. cxd4 Be6 33. a3 a5
34. Be3 Bd8 35. Nd3 Qb3 36. Qxb3 Bxb3 37. Kf1 h5 38. Ke2 f6 39. Bd2 Bc4 40. Ke3
b6 41. h4 Be7 42. Bc1 g6 43. Nf4 Bf7 44. Ke4 Bd6 45. g3 Kf8 46. Ne2 Ke7 47. Nc3
Be8 48. Nd5+ Kf7 49. Nxb6 Bc6+ 50. d5 Bb5 51. Nc8 Bc7 52. d6 Bc6+ 53. Kd4 Bd8
54. Kc5 Bd7 55. Nb6 Ke6 56. Nxd7 Kxd7 57. a4 g5 58. hxg5 fxg5 59. f4 h4 60.
gxh4 gxh4 61. f5 h3 62. Bf4 Bh4 63. Bh2 Be1 64. Kd5 Bc3 65. Ke4 Bb4 66. Kd5 Bc3
67. Ke4 1/2-1/2

[Event "Frankfurt Ch A 2015"]
[Site "Ffm-Höchst, BiKuZ"]
[Date "2015.06.15"]
[Round "7.46"]
[White "Popp, Matthias"]
[Black "Laufenburg, Frank"]
[Result "1-0"]
[WhiteElo "1522"]
[BlackElo "1595"]
[PlyCount "59"]
[EventDate "2015.??.??"]
[WhiteTeam "SC Bergen-Enkheim"]
[BlackTeam "SC Bergen-Enkheim"]

1. d4 Nf6 2. Nf3 e6 3. Bf4 b6 4. Nbd2 Bb7 5. e3 Ne4 6. Nxe4 Bxe4 7. Bd3 Bxd3 8.
Qxd3 Be7 9. h4 d5 10. g4 Nd7 11. g5 c5 12. c3 c4 13. Qc2 b5 14. b4 cxb3 15.
axb3 Qb6 16. Kd2 O-O 17. h5 Rfc8 18. g6 f5 19. gxh7+ Kh8 20. Qd1 Nf6 21. Ng5
Nxh7 22. Nxh7 Kxh7 23. Qg1 Bf6 24. Qg6+ Kg8 25. h6 Qb7 26. Rag1 b4 27. hxg7
bxc3+ 28. Kc2 Qxg7 29. Qxg7+ Bxg7 30. Be5 1-0

[Event "Frankfurt Ch A 2015"]
[Site "Ffm-Höchst, BiKuZ"]
[Date "2015.06.15"]
[Round "7.47"]
[White "Lessmann, Sven"]
[Black "Imelmann, Esther"]
[Result "1-0"]
[WhiteElo "1482"]
[BlackElo "1590"]
[PlyCount "65"]
[EventDate "2015.??.??"]
[WhiteTeam "SC Bad Soden"]
[BlackTeam "Vorw.Orient Mainz"]

1. d4 d5 2. c4 e6 3. Nc3 Nf6 4. Bg5 Be7 5. Nf3 Ne4 6. Bxe7 Qxe7 7. a3 a5 8. e3
c6 9. Nxe4 dxe4 10. Nd2 f5 11. c5 O-O 12. Nc4 Nd7 13. Nd6 Nf6 14. Bc4 a4 15.
Nxf5 Qc7 16. Nd6 Bd7 17. O-O g6 18. Qc2 Kg7 19. Nxe4 e5 20. Nd6 e4 21. h3 b5
22. Ba2 Rad8 23. f4 Nd5 24. Qxe4 Rde8 25. Nxe8+ Rxe8 26. Qf3 Nxe3 27. Rfe1 Rf8
28. Qxe3 Rxf4 29. Qe7+ Kh6 30. Qe3 g5 31. Rf1 Rh4 32. Rf6+ Kh5 33. Bf7# 1-0

[Event "Frankfurt Ch A 2015"]
[Site "Ffm-Höchst, BiKuZ"]
[Date "2015.06.15"]
[Round "7.48"]
[White "Bernhardt, Winfried"]
[Black "Bergmann, Michael"]
[Result "0-1"]
[WhiteElo "1385"]
[BlackElo "1590"]
[PlyCount "78"]
[EventDate "2015.??.??"]
[WhiteTeam "SV Nauheim"]
[BlackTeam "SF Frankfurt"]

1. e4 e5 2. Nf3 Nc6 3. d4 exd4 4. Nxd4 Nf6 5. Nxc6 bxc6 6. Bd3 Bc5 7. O-O O-O
8. e5 Nd5 9. c4 Ne7 10. Nc3 Ng6 11. Bxg6 fxg6 12. Ne4 Qe7 13. Nxc5 Qxc5 14. Qe2
Ba6 15. b3 Rae8 16. Bb2 Re6 17. Kh1 d6 18. f4 d5 19. a4 Qb6 20. Qc2 dxc4 21.
bxc4 c5 22. Rab1 Qc6 23. Rf3 Ree8 24. Rd1 Qe6 25. Rd5 Bb7 26. Rfd3 Bxd5 27.
cxd5 Rxf4 28. h3 Qf5 29. d6 cxd6 30. exd6 Rf1+ 31. Kh2 Qf4+ 32. Rg3 Re3 33.
Qc4+ Qxc4 34. Rxe3 Qf4+ 35. Rg3 Qxd6 36. Ba3 Rh1+ 37. Kxh1 Qxg3 38. Bxc5 Qe1+
39. Bg1 Qa1 0-1

[Event "Frankfurt Ch A 2015"]
[Site "Ffm-Höchst, BiKuZ"]
[Date "2015.06.15"]
[Round "7.49"]
[White "Mehl, Ulrich"]
[Black "Lanz, Jürgen"]
[Result "1/2-1/2"]
[WhiteElo "1571"]
[BlackElo "1526"]
[PlyCount "47"]
[EventDate "2015.??.??"]
[WhiteTeam "TSG Nieder-Erlenbach"]
[BlackTeam "SC Hattersheim"]

1. d4 Nf6 2. c4 g6 3. Nc3 d5 4. cxd5 Nxd5 5. e4 Nxc3 6. bxc3 Bg7 7. Nf3 c5 8.
Bb5+ Bd7 9. Bxd7+ Nxd7 10. O-O O-O 11. Bf4 cxd4 12. cxd4 Nf6 13. Re1 e6 14. Qd2
Rc8 15. Rad1 Rc4 16. Ne5 Ra4 17. f3 Qb6 18. Be3 Qa6 19. Re2 Rc8 20. Qb2 Bf8 21.
Bg5 Ba3 22. Qd2 Ne8 23. Qf4 f5 24. Ree1 1/2-1/2

[Event "Frankfurt Ch A 2015"]
[Site "Ffm-Höchst, BiKuZ"]
[Date "2015.06.15"]
[Round "7.50"]
[White "Jähnert, Wolfgang"]
[Black "Richter, Wolfram"]
[Result "1-0"]
[WhiteElo "1557"]
[BlackElo "1521"]
[PlyCount "125"]
[EventDate "2015.??.??"]
[WhiteTeam "SC Nidderau"]
[BlackTeam "SK Bad Sooden-Allendorf"]

1. d4 Nf6 2. c4 g6 3. Nf3 Bg7 4. Nc3 d5 5. e3 O-O 6. cxd5 Nxd5 7. Bd2 c6 8. Be2
Nd7 9. Nxd5 cxd5 10. Bc3 Nf6 11. Nd2 Bf5 12. O-O Rc8 13. Rc1 Qd7 14. Qb3 a6 15.
a3 Rc6 16. Bb4 Rfc8 17. Rxc6 Rxc6 18. Bc3 Ne4 19. Nxe4 Bxe4 20. Rc1 Rf6 21. Qd1
Qf5 22. f3 Qg5 23. Bd2 Rb6 24. fxe4 dxe4 25. b4 h5 26. Rc5 e5 27. Qc2 Qf5 28.
Qd1 Rd6 29. d5 Qd7 30. Qc2 Qf5 31. Qc1 Kh7 32. Rc7 Rf6 33. Qe1 b5 34. Rc6 Rxc6
35. dxc6 Qc8 36. Qc1 Qc7 37. Qc2 f5 38. a4 Bf8 39. axb5 axb5 40. Bxb5 Bd6 41.
Qc4 Kh6 42. Kf2 Qe7 43. Kg1 Bc7 44. Ba4 Qd8 45. Qe2 Qa8 46. Bb5 Qa1+ 47. Kf2
Qh1 48. h3 f4 49. Qe1 Qh2 50. Qg1 Qg3+ 51. Kf1 Bb6 52. Qf2 Qh2 53. Ke2 g5 54.
c7 Bxc7 55. Bc6 f3+ 56. gxf3 exf3+ 57. Bxf3 Qxh3 58. Qg2 Qc8 59. b5 Qe6 60. Bd5
Qb6 61. Bc4 Qb8 62. Qc6+ Kg7 63. Qd7+ 1-0

[Event "Frankfurt Ch A 2015"]
[Site "Ffm-Höchst, BiKuZ"]
[Date "2015.06.15"]
[Round "7.52"]
[White "Friedel, Thomas"]
[Black "Leichum, Engelbert"]
[Result "1-0"]
[WhiteElo "1505"]
[BlackElo "1578"]
[PlyCount "83"]
[EventDate "2015.??.??"]
[WhiteTeam "SV Groß-Gerau"]
[BlackTeam "vereinslos"]

1. e4 d5 2. exd5 Nf6 3. d4 e6 4. Bb5+ Bd7 5. Bxd7+ Qxd7 6. dxe6 fxe6 7. Nf3 Nc6
8. O-O Bd6 9. Be3 Ne7 10. c3 h6 11. Qb3 c6 12. Nbd2 b5 13. Ne5 Bxe5 14. dxe5
Nfd5 15. Bc5 O-O 16. Nf3 Rf5 17. Rad1 Raf8 18. Qa3 Qe8 19. Qxa7 Rxf3 20. gxf3
Rf7 21. Bxe7 Rxe7 22. Qd4 Rf7 23. Qg4 Rf5 24. Kh1 Rf4 25. Qg3 Qf7 26. Rd3 c5
27. Rg1 g5 28. h4 Rxh4+ 29. Kg2 Nf4+ 30. Kf1 Nxd3 31. Qxh4 Kh7 32. Qe4+ Qf5 33.
Qxf5+ exf5 34. Kg2 Nxb2 35. Rb1 Nd3 36. Rxb5 Kg6 37. a4 Nxe5 38. Rxc5 Nd7 39.
Rc6+ Kf7 40. Rxh6 Nc5 41. a5 Ke7 42. a6 1-0

[Event "Frankfurt Ch A 2015"]
[Site "Ffm-Höchst, BiKuZ"]
[Date "2015.06.15"]
[Round "7.53"]
[White "Manasek, Martin"]
[Black "Witt, Holger"]
[Result "1-0"]
[WhiteElo "1362"]
[BlackElo "1506"]
[PlyCount "125"]
[EventDate "2015.??.??"]
[WhiteTeam "Bad Vilbeler Sfr"]
[BlackTeam "SC Viernheim"]

1. d4 Nf6 2. c4 e6 3. Nf3 c5 4. e3 b6 5. Be2 Bb7 6. O-O Be7 7. Nc3 O-O 8. d5
exd5 9. cxd5 d6 10. e4 Nbd7 11. Re1 a6 12. a4 Re8 13. Bf1 Bf8 14. Bg5 Qc7 15.
h3 h6 16. Bxf6 Nxf6 17. Nh2 g6 18. Ng4 Nxg4 19. Qxg4 Bg7 20. h4 Bc8 21. Qg3 Be5
22. f4 Bd4+ 23. Kh1 Kh7 24. Bd3 Rg8 25. e5 Bf5 26. e6 fxe6 27. dxe6 Bxc3 28.
bxc3 Qe7 29. Bc4 Rge8 30. Bd5 Rac8 31. Bc4 Ra8 32. Bd5 Rac8 33. Qf2 Qf6 34. c4
Bxe6 35. Bb7 Rb8 36. Bxa6 Bd7 37. Bb5 Re7 38. g3 Rd8 39. Rxe7+ Qxe7 40. Re1 Qf6
41. Bxd7 Rxd7 42. Qe3 Kg7 43. Qb3 Qf7 44. Rd1 Qf5 45. Kh2 Re7 46. Qb2+ Kg8 47.
Rxd6 Qg4 48. Qg2 h5 49. Rd2 Kg7 50. Rf2 Re3 51. Qb7+ Kh6 52. Rg2 Rc3 53. Qf7
Ra3 54. Qf8+ Kh7 55. Qe7+ Kh8 56. Qd8+ Kh7 57. Qxb6 Rc3 58. Qc7+ Kh8 59. Qxc5
Kh7 60. a5 Qd1 61. Qe7+ Kh8 62. Qe5+ Kh7 63. Qxc3 1-0

[Event "Frankfurt Ch A 2015"]
[Site "Ffm-Höchst, BiKuZ"]
[Date "2015.06.15"]
[Round "7.54"]
[White "Wagner, Günter"]
[Black "Bergner, Matthias"]
[Result "1-0"]
[WhiteElo "1529"]
[BlackElo "1558"]
[PlyCount "59"]
[EventDate "2015.??.??"]
[WhiteTeam "SV Groß-Gerau"]
[BlackTeam "SV Neu-Isenburg"]

1. Nf3 d5 2. c4 Nf6 3. g3 g6 4. Bg2 Bg7 5. O-O O-O 6. d3 dxc4 7. dxc4 Qxd1 8.
Rxd1 Nc6 9. Nc3 Be6 10. Bf4 Ne8 11. Nd5 Nd6 12. Nxc7 Bxc4 13. Nxa8 Rxa8 14.
Bxd6 exd6 15. Rd2 Bh6 16. e3 Rd8 17. b3 Be6 18. Rad1 Bf8 19. Nd4 Nxd4 20. Rxd4
b6 21. Bd5 Rc8 22. Rc4 Rc5 23. e4 Bg4 24. Re1 Kg7 25. Kg2 Bc8 26. b4 Rxc4 27.
Bxc4 Kf6 28. Bd5 Bh6 29. f4 Ke7 30. Rc1 1-0

[Event "Frankfurt Ch A 2015"]
[Site "Ffm-Höchst, BiKuZ"]
[Date "2015.06.15"]
[Round "7.55"]
[White "Kletzerman, Simon"]
[Black "Stulken, Dietmar"]
[Result "1-0"]
[WhiteElo "1531"]
[BlackElo "1392"]
[PlyCount "69"]
[EventDate "2015.??.??"]
[WhiteTeam "TuS Makkabi"]
[BlackTeam "SF Frankfurt"]

1. e4 e5 2. Nf3 Nc6 3. Bc4 Bc5 4. c3 d6 5. d4 exd4 6. cxd4 Bb4+ 7. Nc3 Bg4 8.
O-O Nf6 9. Bg5 h6 10. Bh4 g5 11. Bg3 Bxc3 12. bxc3 Qe7 13. e5 dxe5 14. dxe5 Ne4
15. Qb3 Nc5 16. Qc2 O-O-O 17. Nd2 Be6 18. Bb5 Bd7 19. Rfe1 h5 20. f3 a6 21. Bf1
h4 22. Bf2 g4 23. fxg4 Bxg4 24. Nb3 Ne6 25. Qe4 Qg5 26. Bxa6 bxa6 27. Qxc6 Bh3
28. Qxa6+ Kd7 29. Qd3+ Ke7 30. Qxh3 Rdg8 31. Rad1 Kf8 32. Re4 Nf4 33. Bc5+ Kg7
34. Qf3 Nh5 35. Rg4 1-0

[Event "Frankfurt Ch A 2015"]
[Site "Ffm-Höchst, BiKuZ"]
[Date "2015.06.15"]
[Round "7.56"]
[White "Kirschner, Matthias"]
[Black "Lehmann, Gerit"]
[Result "0-1"]
[WhiteElo "1573"]
[BlackElo "1487"]
[PlyCount "71"]
[EventDate "2015.??.??"]
[WhiteTeam "SV Nauheim"]
[BlackTeam "SF Frankfurt"]

1. c4 e5 2. Nc3 Nf6 3. d3 Nc6 4. Nf3 Bc5 5. g3 d6 6. Bg2 h6 7. O-O O-O 8. a3 a6
9. b4 Ba7 10. Rb1 Re8 11. Nd2 Rb8 12. a4 Ne7 13. Nde4 Nxe4 14. Nxe4 f5 15. Nc3
c6 16. b5 Be6 17. Ba3 axb5 18. axb5 Bd4 19. Na4 f4 20. Bb2 Bxb2 21. Rxb2 fxg3
22. hxg3 c5 23. Nc3 Qc8 24. Kh2 Rf8 25. e3 Qe8 26. Rh1 Qg6 27. Be4 Bf5 28. Bxf5
Rxf5 29. Kg2 Rbf8 30. Rd2 Qf7 31. Qe1 h5 32. Ne4 Qg6 33. Re2 b6 34. Qc1 d5 35.
cxd5 Nxd5 36. Qc4 $138 0-1

[Event "Frankfurt Ch B 2015"]
[Site "Ffm-Höchst, BiKuZ"]
[Date "2015.06.15"]
[Round "7.1"]
[White "Both, Günter"]
[Black "Lopez, Victor"]
[Result "1-0"]
[WhiteElo "1421"]
[BlackElo "1442"]
[PlyCount "71"]
[EventDate "2015.??.??"]
[WhiteTeam "SK Bischofsheim"]
[BlackTeam "SC Höchst"]

1. e4 e5 2. Nf3 Nc6 3. Bb5 a6 4. Bxc6 dxc6 5. Nc3 Bg4 6. h3 Bxf3 7. Qxf3 Bc5 8.
d3 h6 9. a3 Nf6 10. Qg3 Qe7 11. O-O O-O-O 12. Rd1 Kb8 13. Rb1 g5 14. Be3 Nh5
15. Bxc5 Qxc5 16. Qe3 Qd4 17. Ne2 Qd7 18. Ng3 Ng7 19. Qc5 f6 20. c3 h5 21. Ne2
Ne6 22. Qe3 Nf4 23. d4 Qe6 24. Ng3 Rhe8 25. dxe5 Qxe5 26. Nf5 b6 27. Nd4 Kb7
28. f3 f5 29. Re1 fxe4 30. Qxe4 Nxh3+ 31. Kf1 Qh2 32. Qxc6+ Kb8 33. Rxe8 Qh1+
34. Ke2 Qxg2+ 35. Kd3 Nf4+ 36. Kc4 1-0

[Event "Frankfurt Ch B 2015"]
[Site "Ffm-Höchst, BiKuZ"]
[Date "2015.06.15"]
[Round "7.2"]
[White "Idrissi, Mourad"]
[Black "Mayer, Andreas"]
[Result "0-1"]
[WhiteElo "1212"]
[BlackElo "1478"]
[PlyCount "68"]
[EventDate "2015.??.??"]
[WhiteTeam "VSG Offenbach"]
[BlackTeam "SF Frankfurt"]

1. d4 d5 2. c4 c6 3. Nc3 Nf6 4. Nf3 e6 5. Bf4 dxc4 6. e4 b5 7. a4 Bb4 8. axb5
cxb5 9. Qc2 Bb7 10. e5 Nd5 11. Bd2 a6 12. b3 cxb3 13. Qxb3 O-O 14. Be2 Nxc3 15.
Bxc3 Bxc3+ 16. Qxc3 Nc6 17. O-O b4 18. Qb2 a5 19. Rfc1 Qb6 20. Rc5 Rfd8 21.
Rac1 Rac8 22. Bb5 Ne7 23. Rxc8 Rxc8 24. Rxc8+ Nxc8 25. Be2 Qc7 26. Nd2 Bd5 27.
Bf3 Ne7 28. Bxd5 Nxd5 29. Ne4 Qc4 30. g3 Nc3 31. Nxc3 Qxc3 32. Qe2 Qxd4 33. Qb5
Qd1+ 34. Kg2 Qd5+ 0-1

[Event "Frankfurt Ch B 2015"]
[Site "Ffm-Höchst, BiKuZ"]
[Date "2015.06.15"]
[Round "7.3"]
[White "Brand, Achim"]
[Black "Schneider, Kevin"]
[Result "0-1"]
[WhiteElo "1244"]
[BlackElo "1228"]
[PlyCount "146"]
[EventDate "2015.??.??"]
[WhiteTeam "SVG Echzell"]
[BlackTeam "SC Breuberg"]

1. e4 e5 2. Nf3 Nc6 3. Bc4 Bc5 4. d3 Nf6 5. Bg5 h6 6. Bh4 Be7 7. Nc3 d6 8. h3
Na5 9. Bb3 Nxb3 10. axb3 O-O 11. O-O Re8 12. d4 exd4 13. Nxd4 Nxe4 14. Bxe7
Rxe7 15. Nxe4 Rxe4 16. Qd3 Re8 17. Rfd1 Bd7 18. c4 Qg5 19. Qc3 b6 20. Rd3 Qe7
21. Rg3 Qf8 22. Rd1 Re5 23. Rdd3 Rae8 24. Nc2 Bf5 25. Rdf3 Bxc2 26. Qxc2 Rg5
27. Qd2 Rxg3 28. Rxg3 Re6 29. Qd4 a5 30. f4 Rg6 31. Rf3 Qa8 32. Kh2 c5 33. Qd3
Qd8 34. f5 Rf6 35. Qc2 Qd7 36. Qe4 g6 37. g4 g5 38. Kg3 d5 39. Qxd5 Qxd5 40.
cxd5 Rd6 41. Rd3 f6 42. Kf3 Kf7 43. Ke2 Ke7 44. Kd2 b5 45. Kc3 Rb6 46. Re3+ Kd6
47. Re6+ Kc7 48. Re7+ Kd6 49. Ra7 Kxd5 50. Rxa5 Ke4 51. Ra1 Kf3 52. Re1 Kg3 53.
Re6 Rb7 54. Rxf6 Kxh3 55. Rxh6+ Kxg4 56. f6 Kf5 57. f7 Rxf7 58. Rc6 b4+ 59. Kc4
Rb7 60. Rxc5+ Kf4 61. Kd3 g4 62. Ke2 Re7+ 63. Kf2 Re3 64. Rc4+ Re4 65. Rc8 g3+
66. Kf1 Kf3 67. Rf8+ Rf4 68. Rg8 Rg4 69. Rf8+ Ke3 70. Kg2 Kd2 71. Rf3 Kc2 72.
Re3 Kxb2 73. Rf3 Ka2 $138 0-1

[Event "Frankfurt Ch B 2015"]
[Site "Ffm-Höchst, BiKuZ"]
[Date "2015.06.15"]
[Round "7.7"]
[White "Mook, Karl-Jürgen"]
[Black "Koller, Wolfgang"]
[Result "0-1"]
[WhiteElo "1297"]
[BlackElo "1422"]
[PlyCount "64"]
[EventDate "2015.??.??"]
[WhiteTeam "SC Sulzbach"]
[BlackTeam "SC Sulzbach"]

1. Nf3 d5 2. d4 Nf6 3. c4 c6 4. e3 Bg4 5. Nbd2 e6 6. Bd3 dxc4 7. Bxc4 Bd6 8.
O-O O-O 9. Qc2 Nbd7 10. Bd3 h6 11. b3 Rc8 12. Bb2 c5 13. Qb1 a6 14. Ne5 Bh5 15.
Ndc4 Bb8 16. Nxd7 Nxd7 17. Nd2 Qc7 18. f4 Ba7 19. Nf3 Bxf3 20. Rxf3 cxd4 21.
exd4 Nf6 22. Kh1 Nd5 23. Qf1 Bb8 24. Rc1 Qd6 25. Bc4 Nxf4 26. g3 Nd5 27. Bxd5
Rxc1 28. Qxc1 Qxd5 29. Qf1 Ba7 30. Qf2 e5 31. Kg1 Bxd4 32. Rd3 Bxf2+ 0-1

[Event "Frankfurt Ch B 2015"]
[Site "Ffm-Höchst, BiKuZ"]
[Date "2015.06.15"]
[Round "7.9"]
[White "Pyshny, Anton"]
[Black "Wenge, Hardy"]
[Result "1/2-1/2"]
[WhiteElo "1273"]
[BlackElo "1127"]
[PlyCount "72"]
[EventDate "2015.??.??"]
[WhiteTeam "SC Eschborn"]
[BlackTeam "SF Friedberg"]

1. e4 c6 2. d4 d5 3. exd5 cxd5 4. Nf3 Nf6 5. Nc3 e6 6. Bd3 Be7 7. Bg5 h6 8. Bh4
O-O 9. Qd2 Nc6 10. Be2 a6 11. O-O b5 12. Bg3 Bd6 13. Bxd6 Qxd6 14. Bd3 Re8 15.
Rfe1 Bd7 16. Qe3 Nb4 17. a3 Nxd3 18. Qxd3 Reb8 19. Na2 a5 20. c3 Kf8 21. Qe3
Ng4 22. Qe2 Nf6 23. Qe5 Ke7 24. Qxd6+ Kxd6 25. Nc1 g5 26. Nd3 Ke7 27. Nfe5 Rc8
28. Nc5 Bc6 29. Nxc6+ Rxc6 30. f3 Nd7 31. Nxd7 Kxd7 32. Kf2 Rcc8 33. Kg3 f5 34.
Re2 f4+ 35. Kf2 Kd6 36. Rae1 Re8 1/2-1/2

[Event "Frankfurt Ch B 2015"]
[Site "Ffm-Höchst, BiKuZ"]
[Date "2015.06.15"]
[Round "7.10"]
[White "Al-Butmeh, Firas"]
[Black "Brunner, Andreas"]
[Result "0-1"]
[WhiteElo "822"]
[BlackElo "1317"]
[PlyCount "66"]
[EventDate "2015.??.??"]
[WhiteTeam "Frankfurter TV"]
[BlackTeam "TSG Nieder-Erlenbach"]

1. e4 e5 2. Nf3 Nc6 3. Bc4 Nf6 4. d3 Be7 5. O-O O-O 6. Re1 d6 7. c3 Na5 8. Bb5
a6 9. Ba4 b5 10. Bc2 c5 11. d4 cxd4 12. cxd4 Nc6 13. Nc3 Bg4 14. d5 Bxf3 15.
Qxf3 Nd4 16. Qd3 Rc8 17. Bd2 b4 18. Rac1 Nxc2 19. Rxc2 bxc3 20. Rxc3 Rxc3 21.
Bxc3 Qb6 22. Qf3 Nd7 23. b4 Qb5 24. Re3 Qa4 25. Qh3 Bg5 26. Re2 Bd8 27. Qg4 Bb6
28. Kh1 Nf6 29. Qh4 Bd4 30. Be1 Qd1 31. Re3 Bxe3 32. fxe3 Rc8 33. Qh3 Qxe1# 0-1

[Event "Frankfurt Ch B 2015"]
[Site "Ffm-Höchst, BiKuZ"]
[Date "2015.06.15"]
[Round "7.13"]
[White "Fredershausen, Kurt"]
[Black "Klein, Simon"]
[Result "0-1"]
[WhiteElo "1059"]
[BlackElo "1028"]
[PlyCount "86"]
[EventDate "2015.??.??"]
[WhiteTeam "SC Bad Soden"]
[BlackTeam "SF Frankfurt"]

1. e4 Nf6 2. Nc3 e5 3. Nf3 d6 4. Bc4 h6 5. h3 Nxe4 6. Bxf7+ Kxf7 7. Nxe4 Nc6 8.
O-O d5 9. Ng3 Bc5 10. d3 Rf8 11. c3 d4 12. b4 Bd6 13. b5 Ne7 14. c4 b6 15. a4
Bb7 16. Ba3 Kg8 17. Bxd6 Qxd6 18. Ne4 Qe6 19. Re1 Ng6 20. Nh2 Rf5 21. g3 Raf8
22. Rf1 Qf7 23. Ra2 Ne7 24. f3 Nc8 25. g4 Rf4 26. Rg2 Bxe4 27. fxe4 Nd6 28. Qe2
Kh7 29. Rg3 Qg6 30. Rgf3 h5 31. Rxf4 exf4 32. Qd2 Qg5 33. Nf3 Qh6 34. g5 Qe6
35. Qg2 g6 36. Kh2 Nf7 37. h4 Ne5 38. Nxe5 Qxe5 39. Kg1 Qd6 40. Qd2 f3 41. Rf2
Qg3+ 42. Kf1 Qxh4 43. Qb2 Qh1# 0-1

[Event "Frankfurt Ch B 2015"]
[Site "Ffm-Höchst, BiKuZ"]
[Date "2015.06.15"]
[Round "7.15"]
[White "Grünzig, Matthias"]
[Black "Dröser, Wolfgang"]
[Result "1/2-1/2"]
[WhiteElo "1239"]
[BlackElo "1116"]
[PlyCount "52"]
[EventDate "2015.??.??"]
[WhiteTeam "TSG Nieder-Erlenbach"]
[BlackTeam "SF Frankfurt"]

1. e4 d6 2. d4 Nf6 3. Nc3 c6 4. Nf3 Bg4 5. Be2 e6 6. Bg5 Be7 7. e5 Nd5 8. Bxe7
Nxe7 9. exd6 Qxd6 10. Ne5 Bxe2 11. Nxe2 Qb4+ 12. c3 Qa5 13. O-O Na6 14. b4 Qc7
15. a4 Nb8 16. Re1 Nd7 17. Ng3 Rd8 18. Qf3 Nxe5 19. Rxe5 O-O 20. Nh5 Ng6 21.
Re3 Rd5 22. Qg3 Qxg3 23. Nxg3 Nf4 24. Rf3 Ng6 25. Re1 Re8 26. Rfe3 a5 1/2-1/2

[Event "Frankfurt Ch B 2015"]
[Site "Ffm-Höchst, BiKuZ"]
[Date "2015.06.15"]
[Round "7.17"]
[White "Hartwig, Horst"]
[Black "Overkamp, Rüdiger"]
[Result "1-0"]
[WhiteElo "1156"]
[BlackElo "1294"]
[PlyCount "53"]
[EventDate "2015.??.??"]
[WhiteTeam "TuS Hausen"]
[BlackTeam "SF Heidelberg"]

1. e4 e5 2. c4 Bc5 3. Nf3 Nc6 4. Nc3 d6 5. Be2 Nf6 6. a3 a6 7. b4 Nxb4 8. axb4
Bxb4 9. Nd5 Nxd5 10. cxd5 O-O 11. O-O f5 12. d3 f4 13. Bb2 Rf6 14. d4 Rg6 15.
Kh1 Bg4 16. dxe5 Bxf3 17. Bxf3 dxe5 18. Bxe5 Qh4 19. h3 Bd6 20. Bxd6 cxd6 21.
Qe2 Re8 22. Kh2 Re5 23. Rh1 Reg5 24. Kg1 Rxg2+ 25. Bxg2 Qg5 26. f3 Qe5 27. Qd1
1-0